| 000 | 00724nam a2200205 4500 | ||
|---|---|---|---|
| 001 | 139801 | ||
| 003 | ES-MaACL | ||
| 005 | 20230906195918.0 | ||
| 007 | t| | ||
| 008 | 070214s1960 sp r ||||1| spa d | ||
| 245 | 0 | 0 |
_aRötgendiagnóstico _b: novedades desde 1952 / _cdirigido por H. R. Schinz, R. Glauner, E. Uehlinger ; traducción del alemán, revisada por J. Mª Vilaseca. |
| 250 | _a1ª ed. | ||
| 260 |
_aBarcelona : _bSalvat, _c1960 ( _fImp. Hispano-Americana) |
||
| 300 |
_aXII, 588 p. : _bil. ; _c26 cm. |
||
| 700 | 1 |
_aGlauner, R. _957415 |
|
| 700 | 1 |
_aSchinz, Hans Rudolf. _9104379 |
|
| 700 | 1 |
_aUehlinger, E. _9111873 |
|
| 700 | 1 |
_aVilaseca Sabater, José M. _9114841 |
|
| 852 |
_aES-MaACL _jC-18213 _bR.46024 |
||
| 999 |
_c139801 _d139801 |
||